000
00291nam a22001337a 4500
008
181022b xxu||||| |||| 00| 0 eng d
020
_a
9781111297923
041
_a
eng
080
_a
572
100
_a
24
101
_a
ANT
245
_a
Cultural Anthropology
_c
Ferraro, G
942
_2
udc
_c
BK
999
_c
50525
_d
50525